000 00499nam a22001697a 4500
999 _c163270
_d163270
005 20190408124640.0
010 _aB-127819
020 _a8178293633
035 _aB-127819
037 _bResponse Books
082 _a658.3125
100 _aRao, R.V.
245 _aPerformance management and appraisal system:
_bHR tools for global competitivenss /
_cT.V. Rao
260 _aNew Delhi
_bResopnse books
_c658.3125
300 _a330p.
_c22cm(hbk)
942 _2ddc
_cEN
_h658.3125
_mRAO